000 00205 a2200097 4500
001 48284
100 _aMunro's
245 _aEngineering ann
260 _aGlasgoco
_bJanes' murno
_c
090 _c31236
_d31236
942 _aNUST-CAE
_cM
_c23599
999 _c283357
_d283357